000 01281nam0a22002771 4500
001 v19\rc\1819956
005 20260406225417.0
035 _a(NLR Aleph) 004918024
090 _a5547929
_c5547929
100 _a20071224d1907 |||y0rusy50 ca
101 0 _arus
102 _aRU
105 _ay z |||||
200 1 _aУстав Общества распространения в народе низшего, среднего и высшего образования в пределах Киевской, Полтавской, Черниговской, Волынской и Подольской губ.
_e[Утв. 21 марта 1907 г.
210 _aКиев
_d1907]
215 _a8 с.
_d21
309 _aБез тит. л. и обл.
710 0 2 _aОбщество распространения в народе низшего, среднего и высшего образования в пределах Киевской, Полтавской, Черниговской, Волынской и Подольской губ
_cКиев
_9458816
_3RU\NLR\AUTH\889981321
801 0 _aRU
_bNLR
_gpsbo
801 0 _aRU
_bRuMoRGB
_2psbo
801 1 _aRU
_bProSoft-M
_2rusmarc
852 _aNLR
_j34.85.6.823
899 _aRuMoRGB
_jV 74/242
899 _aБАН
942 _cBOOK
980 _aNB